01147nam a2200181Ia 4500008004100000020001500041050001500056100004700071240005000118245011600168250001800284260005400302300001800356490002100374500005900395505047700454650003400931120626s1975 mx 000 0 spa d a9681607163 aCB418bP37 aParry, J. H. (John Horace)d1914 - eautor aEurope and wider world 1415 - 1715lEspañol aEuropa y la expansión del mundo 1415 - 1715c/ Jhon, H. Parry; traducción de María Teresa, Fernández  a2a. edición aMéxico b: Fondo de Cultura Económicac, 1994 a277 páginas aBreviariosv: 60 aTítulo original : Europe and wider world 1415 - 1715 aI. Los instrumentos de los explotadores II. Los cristianos y las especias III. El Nuevo Mundo IV. El imperio de la plata V. Pescadores, explotadores y tratantes de esclavos VI. La lucha por el comercio oriental VII. Las colonias inglesas VIII. Los imperios rivales en América IX. El viejo sistema colonial X. El comercio y el dominio del Oriente XI. La esclavitud y la guerra por el comercio XII. Epílogo. Los límites de la cristiandad en 1715  0aEUROPAxHISTORIAy1415 - 1715